Statistics for Terraria Biomes and Structures 1.4.4.8

Click here to take the quiz!

General Stats

  • This quiz has been taken 32 times
  • The average score is 29 of 57

Answer Stats

Answer% Correct
Desert
100%
Forest
100%
Jungle
100%
The Hallow
100%
Underground
100%
Ocean
94%
The Corruption
94%
The Crimson
94%
The Underworld
94%
Snow Biome
88%
Space
88%
Underground Corruption
88%
Underground Crimson
88%
Underground Desert
88%
Underground Hallow
88%
Cavern
82%
Underground Jungle
82%
Dungeon
76%
Ice Biome
76%
Glowing Mushroom
65%
Jungle Temple
65%
Bee Hive
59%
Aether
53%
Hallowed Desert
53%
Corrupted Desert
47%
Crimson Desert
47%
Floating Island
47%
Hallowed Ice
47%
Corrupted Ice
41%
Crimson Ice
41%
Spider Cave
41%
Surface Glowing Mushroom
41%
Living Tree
35%
Oasis
35%
Enchanted Sword Shrine
29%
Pyramid
29%
Underground Crimson Desert
29%
Underground Hallowed Desert
29%
Granite Cave
24%
Jungle Shrine
24%
Living Mahogany Tree
24%
Marble Cave
24%
Underground Cabin
24%
Underground Corrupted Desert
24%
Graveyard
18%
Town
18%
Campsite
12%
Flower Patch
12%
Gemstone Cave
12%
Glowing Moss Biome
12%
Large Ore Vein
12%
Meteorite
12%
Mosaic
12%
Moss Chamber
12%
Stone Patch
12%
Thin Ice Patch
12%
Ruined House
6%

Score Distribution

Percentile by Number Answered

Percent of People with Each Score

Your Score History

You have not taken this quiz